[Event "DVM U10 2024"]
[Site "Düsseldorf GER"]
[Date "2024.12.28"]
[Round "6"]
[White "Bryzgalov, Mikhail"]
[Black "Sachse, Alina"]
[Result "1-0"]
[Termination "normal"]
[Board "19.3"]
[WhiteElo "886"]
[BlackElo "848"]
[WhiteClock "00:38:00"]
[BlackClock "00:09:54"]
[WhiteTeam "USV Halle"]
[BlackTeam "SV Eintracht Tangerhütte"]
[PlyCount "91"]
[EventCountry "GER"]
[EventRounds "7"]
[EventType "team-swiss"]
[EventDate "2024.12.26"]

1. e4 {[%clk 00:55:09]} {[%emt 00:00:02]} e5 {[%clk 00:55:04]} {[%emt
00:00:05]} 2. Nf3 {[%clk 00:55:10]} {[%emt 00:00:04]} Nc6 {[%clk 00:55:02]}
{[%emt 00:00:07]} 3. Bc4 {[%clk 00:55:03]} {[%emt 00:00:13]} Nf6 {[%clk
00:54:52]} {[%emt 00:00:15]} 4. Ng5 {[%clk 00:54:40]} {[%emt 00:00:09]} d5
{[%clk 00:54:00]} {[%emt 00:01:14]} 5. exd5 {[%clk 00:54:39]} {[%emt 00:00:07]}
Nxd5 {[%clk 00:53:55]} {[%emt 00:00:10]} 6. Nxf7 {[%clk 00:54:24]} {[%emt
00:00:21]} Qd7 {[%clk 00:53:30]} {[%emt 00:00:30]} 7. Nxh8 {[%clk 00:54:21]}
{[%emt 00:00:08]} Qd6 {[%clk 00:52:41]} {[%emt 00:00:54]} 8. Nf7 {[%clk
00:54:12]} {[%emt 00:00:14]} Qe6 {[%clk 00:52:08]} {[%emt 00:00:37]} 9. Ng5
{[%clk 00:53:55]} {[%emt 00:00:22]} Qd7 {[%clk 00:51:22]} {[%emt 00:00:52]} 10.
Nxh7 {[%clk 00:53:36]} {[%emt 00:00:23]} Qf7 {[%clk 00:50:55]} {[%emt
00:00:32]} 11. Nxf8 {[%clk 00:52:58]} {[%emt 00:00:44]} Qxf8 {[%clk 00:50:38]}
{[%emt 00:00:22]} 12. Bxd5 {[%clk 00:52:53]} {[%emt 00:00:10]} Ne7 {[%clk
00:50:28]} {[%emt 00:00:15]} 13. Bc4 {[%emt 00:00:28]} Bd7 {[%emt 00:00:40]}
14. O-O {[%clk 00:51:22]} {[%emt 00:00:27]} O-O-O {[%clk 00:50:26]} {[%emt
00:00:07]} 15. Nc3 {[%clk 00:50:52]} {[%emt 00:00:34]} Qh8 {[%clk 00:50:19]}
{[%emt 00:00:13]} 16. h3 {[%clk 00:49:53]} {[%emt 00:01:04]} Qh7 {[%clk
00:49:18]} {[%emt 00:01:06]} 17. Qe1 {[%clk 00:48:50]} {[%emt 00:01:07]} Ng6
{[%clk 00:48:47]} {[%emt 00:00:38]} 18. Bd3 {[%clk 00:48:49]} {[%emt 00:00:06]}
Re8 {[%clk 00:48:14]} {[%emt 00:00:38]} 19. h4 {[%clk 00:48:37]} {[%emt
00:00:17]} Rh8 {[%clk 00:47:30]} {[%emt 00:00:48]} 20. g3 {[%clk 00:48:02]}
{[%emt 00:00:41]} Qh5 {[%clk 00:46:13]} {[%emt 00:01:21]} 21. Bxg6 {[%clk
00:47:39]} {[%emt 00:00:29]} Qxg6 {[%clk 00:45:55]} {[%emt 00:00:22]} 22. Qxe5
{[%clk 00:47:23]} {[%emt 00:00:21]} Re8 {[%clk 00:43:48]} {[%emt 00:02:12]} 23.
Qf4 {[%emt 00:00:14]} Bc6 {[%emt 00:00:57]} 24. d3 {[%clk 00:45:44]} {[%emt
00:00:30]} Qe6 {[%clk 00:39:23]} {[%emt 00:04:33]} 25. Bd2 {[%clk 00:45:33]}
{[%emt 00:00:13]} Qh3 {[%clk 00:37:34]} {[%emt 00:01:58]} 26. f3 {[%clk
00:45:12]} {[%emt 00:00:25]} Rh8 {[%clk 00:35:22]} {[%emt 00:02:17]} 27. d4
{[%clk 00:44:57]} {[%emt 00:00:20]} g5 {[%clk 00:34:44]} {[%emt 00:00:44]} 28.
Qxg5 {[%clk 00:44:33]} {[%emt 00:00:28]} Rf8 {[%clk 00:34:14]} {[%emt
00:00:35]} 29. d5 {[%clk 00:44:17]} {[%emt 00:00:22]} Bd7 {[%clk 00:31:38]}
{[%emt 00:02:40]} 30. Rf2 {[%clk 00:42:51]} {[%emt 00:00:39]} Be8 {[%clk
00:31:05]} {[%emt 00:01:30]} 31. Rh2 {[%clk 00:42:33]} {[%emt 00:00:23]} Qd7
{[%clk 00:30:51]} {[%emt 00:00:19]} 32. h5 {[%clk 00:42:22]} {[%emt 00:00:16]}
Qf7 {[%clk 00:29:37]} {[%emt 00:01:20]} 33. h6 {[%clk 00:41:59]} {[%emt
00:00:27]} Qxf3 {[%clk 00:29:09]} {[%emt 00:00:33]} 34. h7 {[%clk 00:41:48]}
{[%emt 00:00:17]} Rh8 {[%clk 00:17:55]} {[%emt 00:11:19]} 35. Qg7 {[%clk
00:41:40]} {[%emt 00:00:12]} Qf8 {[%clk 00:15:17]} {[%emt 00:02:44]} 36. Qxf8
{[%clk 00:41:32]} {[%emt 00:00:13]} Rxf8 {[%clk 00:15:10]} {[%emt 00:00:11]}
37. h8=Q {[%clk 00:40:47]} {[%emt 00:00:13]} Kd7 {[%clk 00:15:11]} {[%emt
00:00:41]} 38. Qxf8 {[%clk 00:40:39]} {[%emt 00:00:14]} c6 {[%clk 00:13:43]}
{[%emt 00:01:33]} 39. dxc6+ {[%clk 00:40:35]} {[%emt 00:00:08]} bxc6 {[%clk
00:13:39]} {[%emt 00:00:08]} 40. g4 {[%emt 00:00:06]} c5 {[%emt 00:01:31]} 41.
g5 {[%clk 00:38:56]} {[%emt 00:00:09]} c4 {[%clk 00:13:00]} {[%emt 00:00:43]}
42. Rh7+ {[%clk 00:38:47]} {[%emt 00:00:15]} Kc6 {[%clk 00:10:47]} {[%emt
00:02:18]} 43. Qxe8+ {[%clk 00:38:38]} {[%emt 00:00:14]} Kc5 {[%clk 00:10:37]}
{[%emt 00:00:14]} 44. Qe3+ {[%clk 00:38:26]} {[%emt 00:00:17]} Kb4 {[%clk
00:10:10]} {[%emt 00:00:33]} 45. Rb7+ {[%clk 00:38:00]} {[%emt 00:00:31]} Ka5
{[%clk 00:09:54]} 46. Qxa7# {[%clk 00:38:00]} 1-0

[Event "DVM U10 2024"]
[Site "Düsseldorf GER"]
[Date "2024.12.29"]
[Round "7"]
[White "Gerhardt, Noah"]
[Black "Ju, Eric Zirui"]
[Result "0-1"]
[Termination "normal"]
[Board "3.4"]
[WhiteElo "1140"]
[BlackElo "1126"]
[WhiteClock "00:19:30"]
[BlackClock "00:22:29"]
[WhiteTeam "SK Bad Homburg 1927"]
[BlackTeam "SV Oberursel"]
[PlyCount "66"]
[WhiteFideId "34696083"]
[BlackFideId "533011192"]
[EventCountry "GER"]
[EventRounds "7"]
[EventType "team-swiss"]
[EventDate "2024.12.26"]

1. e4 {[%clk 00:55:07]} {[%emt 00:00:02]} c5 {[%clk 00:55:03]} {[%emt
00:00:09]} 2. c3 {[%clk 00:54:53]} {[%emt 00:00:19]} Nf6 {[%clk 00:54:52]}
{[%emt 00:00:15]} 3. d3 {[%clk 00:54:41]} {[%emt 00:00:17]} e6 {[%clk
00:53:50]} {[%emt 00:01:07]} 4. Bf4 {[%clk 00:54:26]} {[%emt 00:00:20]} Nc6
{[%clk 00:53:14]} {[%emt 00:00:42]} 5. c4 {[%clk 00:53:18]} {[%emt 00:01:13]}
Qb6 {[%clk 00:51:40]} {[%emt 00:01:39]} 6. Qd2 {[%clk 00:51:20]} {[%emt
00:02:01]} Be7 {[%clk 00:51:14]} {[%emt 00:00:32]} 7. Nf3 {[%clk 00:50:45]}
{[%emt 00:00:40]} d6 {[%clk 00:49:19]} {[%emt 00:02:01]} 8. e5 {[%clk
00:49:17]} {[%emt 00:01:34]} dxe5 {[%clk 00:48:38]} {[%emt 00:00:45]} 9. Bxe5
{[%clk 00:48:46]} {[%emt 00:00:36]} Nxe5 {[%clk 00:48:03]} {[%emt 00:00:40]}
10. Nxe5 {[%clk 00:46:37]} {[%emt 00:02:14]} O-O {[%clk 00:47:20]} {[%emt
00:00:47]} 11. Be2 {[%clk 00:46:05]} {[%emt 00:00:38]} Qd6 {[%clk 00:45:44]}
{[%emt 00:01:42]} 12. Ng4 {[%clk 00:45:23]} {[%emt 00:00:47]} Nxg4 {[%emt
00:00:31]} 13. Bxg4 {[%clk 00:45:08]} {[%emt 00:00:18]} Bf6 {[%clk 00:44:20]}
{[%emt 00:01:04]} 14. Nc3 {[%clk 00:44:45]} {[%emt 00:00:29]} Qd4 {[%clk
00:41:06]} {[%emt 00:03:18]} 15. Bf3 {[%clk 00:43:46]} {[%emt 00:01:02]} a6
{[%clk 00:40:03]} {[%emt 00:01:10]} 16. O-O {[%clk 00:43:35]} {[%emt 00:00:15]}
Rb8 {[%clk 00:39:26]} {[%emt 00:00:43]} 17. Rab1 {[%clk 00:43:20]} {[%emt
00:00:20]} b5 {[%clk 00:38:31]} {[%emt 00:01:00]} 18. cxb5 {[%clk 00:42:21]}
{[%emt 00:01:03]} axb5 {[%clk 00:38:07]} {[%emt 00:00:29]} 19. Ne2 {[%clk
00:42:02]} {[%emt 00:00:24]} Qd6 {[%clk 00:37:11]} {[%emt 00:00:46]} 20. Rfd1
{[%clk 00:41:28]} {[%emt 00:00:54]} Rd8 {[%clk 00:36:54]} {[%emt 00:00:21]} 21.
Qc2 {[%clk 00:40:04]} {[%emt 00:01:28]} Ba6 {[%clk 00:35:12]} {[%emt 00:01:48]}
22. Be4 {[%clk 00:37:39]} {[%emt 00:02:30]} Rbc8 {[%clk 00:33:48]} {[%emt
00:01:29]} 23. Rd2 {[%clk 00:34:36]} {[%emt 00:03:09]} c4 {[%clk 00:32:43]}
{[%emt 00:01:10]} 24. Rdd1 {[%clk 00:32:01]} {[%emt 00:02:39]} Qb6 {[%clk
00:29:18]} {[%emt 00:03:26]} 25. d4 {[%clk 00:23:36]} {[%emt 00:08:34]} h6
{[%emt 00:01:45]} 26. d5 {[%clk 00:22:14]} {[%emt 00:01:11]} exd5 {[%clk
00:27:09]} {[%emt 00:00:50]} 27. Rxd5 {[%clk 00:21:38]} {[%emt 00:00:42]} Rxd5
{[%clk 00:26:30]} {[%emt 00:00:43]} 28. Bxd5 {[%emt 00:00:36]} Rd8 {[%clk
00:25:47]} {[%emt 00:00:47]} 29. Rd1 {[%clk 00:20:30]} {[%emt 00:00:43]} Bb7
{[%clk 00:23:30]} {[%emt 00:02:22]} 30. Bxb7 {[%clk 00:20:06]} {[%emt
00:00:29]} Rxd1+ {[%clk 00:23:12]} {[%emt 00:00:23]} 31. Qxd1 {[%clk 00:20:01]}
{[%emt 00:00:10]} Qxb7 {[%clk 00:23:08]} {[%emt 00:00:09]} 32. Qc2 {[%clk
00:19:50]} {[%emt 00:00:14]} Qd7 {[%clk 00:22:40]} {[%emt 00:00:36]} 33. g3
{[%clk 00:19:30]} {[%emt 00:00:25]} Qd3 {[%clk 00:22:29]} {[%emt 00:00:16]} 0-1

[Event "DVM U10 2024"]
[Site "Düsseldorf GER"]
[Date "2024.12.29"]
[Round "7"]
[White "Lüttgen, Jona"]
[Black "Wilting, Oskar"]
[Result "1/2-1/2"]
[Termination "normal"]
[Board "4.2"]
[WhiteElo "1412"]
[BlackElo "1454"]
[WhiteClock "00:06:24"]
[BlackClock "00:05:27"]
[WhiteTeam "SG Porz"]
[BlackTeam "SC Aurich"]
[PlyCount "88"]
[WhiteFideId "533014124"]
[BlackFideId "34640053"]
[EventCountry "GER"]
[EventRounds "7"]
[EventType "team-swiss"]
[EventDate "2024.12.26"]

1. e4 {[%clk 00:55:09]} {[%emt 00:00:01]} c5 {[%clk 00:55:03]} {[%emt
00:00:07]} 2. Nf3 {[%clk 00:55:11]} {[%emt 00:00:03]} e6 {[%clk 00:54:59]}
{[%emt 00:00:08]} 3. Be2 {[%clk 00:55:12]} {[%emt 00:00:04]} a6 {[%clk
00:54:46]} {[%emt 00:00:18]} 4. c4 {[%clk 00:54:41]} {[%emt 00:00:36]} Nc6
{[%clk 00:54:08]} {[%emt 00:00:43]} 5. d4 {[%clk 00:54:18]} {[%emt 00:00:30]}
cxd4 {[%clk 00:53:39]} {[%emt 00:00:34]} 6. Nxd4 {[%clk 00:54:00]} {[%emt
00:00:23]} Qc7 {[%clk 00:53:18]} {[%emt 00:00:25]} 7. O-O {[%clk 00:53:24]}
{[%emt 00:00:41]} Nf6 {[%clk 00:52:28]} {[%emt 00:00:55]} 8. Nc3 {[%clk
00:51:58]} {[%emt 00:01:31]} b6 {[%clk 00:50:49]} {[%emt 00:01:43]} 9. Be3
{[%clk 00:50:49]} {[%emt 00:01:15]} Bb7 {[%clk 00:49:54]} {[%emt 00:00:59]} 10.
Na4 {[%clk 00:47:34]} {[%emt 00:03:20]} Nxe4 {[%clk 00:47:05]} {[%emt
00:02:55]} 11. Bf3 {[%clk 00:39:39]} {[%emt 00:08:01]} Nxd4 {[%clk 00:40:27]}
{[%emt 00:06:43]} 12. Qxd4 {[%clk 00:36:28]} {[%emt 00:03:16]} Nc5 {[%clk
00:38:11]} {[%emt 00:02:18]} 13. Bf4 {[%clk 00:31:16]} {[%emt 00:05:07]} d6
{[%clk 00:36:15]} {[%emt 00:02:13]} 14. Bxb7 {[%clk 00:30:25]} {[%emt
00:00:56]} Qxb7 {[%clk 00:33:08]} {[%emt 00:03:13]} 15. Nxc5 {[%clk 00:29:55]}
{[%emt 00:00:35]} bxc5 {[%clk 00:28:03]} {[%emt 00:05:10]} 16. Qc3 {[%clk
00:29:13]} {[%emt 00:00:47]} e5 {[%clk 00:26:38]} {[%emt 00:01:29]} 17. Rfe1
{[%clk 00:28:14]} {[%emt 00:01:04]} Be7 {[%clk 00:26:16]} {[%emt 00:00:27]} 18.
Bd2 {[%clk 00:27:30]} {[%emt 00:00:50]} O-O {[%clk 00:25:00]} {[%emt 00:01:20]}
19. Qg3 {[%clk 00:25:49]} {[%emt 00:01:42]} Qxb2 {[%clk 00:23:55]} {[%emt
00:01:14]} 20. Bh6 {[%clk 00:24:13]} {[%emt 00:01:36]} Bf6 {[%clk 00:23:10]}
{[%emt 00:00:55]} 21. Rad1 {[%clk 00:22:53]} {[%emt 00:01:25]} Rfd8 {[%clk
00:22:16]} {[%emt 00:00:54]} 22. Re4 {[%clk 00:21:00]} {[%emt 00:01:58]} Qc2
{[%clk 00:20:36]} {[%emt 00:01:40]} 23. Rde1 {[%clk 00:20:01]} {[%emt
00:01:00]} g6 {[%clk 00:20:02]} {[%emt 00:00:50]} 24. Bg5 {[%clk 00:17:46]}
{[%emt 00:02:21]} Bxg5 {[%clk 00:15:06]} {[%emt 00:05:02]} 25. Qxg5 {[%clk
00:17:37]} {[%emt 00:00:14]} Rdb8 {[%clk 00:14:23]} {[%emt 00:00:46]} 26. f3
{[%clk 00:14:06]} {[%emt 00:03:39]} Rb1 {[%clk 00:13:29]} {[%emt 00:00:58]} 27.
Qh6 {[%clk 00:12:25]} {[%emt 00:01:46]} Qxe4 {[%clk 00:12:03]} {[%emt
00:01:31]} 28. fxe4 {[%clk 00:12:09]} {[%emt 00:00:21]} Rxe1+ {[%clk 00:12:01]}
{[%emt 00:00:07]} 29. Kf2 {[%clk 00:12:07]} {[%emt 00:00:07]} Rxe4 {[%clk
00:11:56]} {[%emt 00:00:10]} 30. Qc1 {[%clk 00:11:47]} {[%emt 00:00:25]} Rf4+
{[%clk 00:11:44]} {[%emt 00:00:16]} 31. Ke2 {[%clk 00:11:06]} {[%emt 00:00:45]}
Rd4 {[%clk 00:11:28]} {[%emt 00:00:19]} 32. Qc3 {[%clk 00:09:59]} {[%emt
00:01:16]} e4 {[%clk 00:11:06]} {[%emt 00:00:27]} 33. Qb3 {[%clk 00:09:28]}
{[%emt 00:00:34]} Re8 {[%clk 00:10:45]} {[%emt 00:00:27]} 34. Qa4 {[%clk
00:09:08]} {[%emt 00:00:26]} Kf8 {[%clk 00:10:31]} {[%emt 00:00:20]} 35. Qd7
{[%clk 00:08:25]} {[%emt 00:00:41]} e3 {[%clk 00:10:20]} {[%emt 00:00:22]} 36.
Qh3 {[%clk 00:08:08]} {[%emt 00:00:22]} Rd2+ {[%clk 00:08:30]} {[%emt
00:01:55]} 37. Ke1 {[%clk 00:08:00]} {[%emt 00:00:15]} Kg7 {[%clk 00:06:44]}
{[%emt 00:01:49]} 38. Qd7 {[%clk 00:07:30]} {[%emt 00:00:35]} Re6 {[%clk
00:05:52]} {[%emt 00:00:57]} 39. a4 {[%clk 00:06:24]} {[%emt 00:01:13]} Rxg2
{[%clk 00:05:27]} {[%emt 00:00:31]}  40. a5 e2 41. Qxe6 fxe6 42. h4 Kh6 43. Kd2
Kh5 44. Kd3 e1=Q 1/2-1/2

[Event "DVM U10 2024"]
[Site "Düsseldorf GER"]
[Date "2024.12.29"]
[Round "7"]
[White "Stopp, Bruno"]
[Black "Ni, Wilhelm Zeyin"]
[Result "0-1"]
[Termination "normal"]
[Board "6.1"]
[WhiteElo "1519"]
[BlackElo "1612"]
[WhiteClock "00:01:15"]
[BlackClock "00:02:45"]
[WhiteTeam "USV TU Dresden"]
[BlackTeam "Düsseldorfer SV 1854"]
[PlyCount "140"]
[WhiteFideId "34640347"]
[BlackFideId "34675337"]
[EventCountry "GER"]
[EventRounds "7"]
[EventType "team-swiss"]
[EventDate "2024.12.26"]

1. e4 {[%clk 00:55:08]} c5 {[%clk 00:55:04]} {[%emt 00:00:06]} 2. Nf3 {[%clk
00:55:08]} {[%emt 00:00:05]} d6 {[%clk 00:55:03]} {[%emt 00:00:06]} 3. c3
{[%clk 00:55:09]} {[%emt 00:00:04]} Nf6 {[%clk 00:55:02]} {[%emt 00:00:07]} 4.
Be2 {[%clk 00:55:09]} {[%emt 00:00:05]} Bd7 {[%clk 00:55:00]} {[%emt 00:00:06]}
5. Qc2 {[%clk 00:54:50]} {[%emt 00:00:23]} g6 {[%clk 00:52:23]} {[%emt
00:02:43]} 6. O-O {[%clk 00:54:43]} {[%emt 00:00:11]} Bg7 {[%clk 00:49:30]}
{[%emt 00:02:58]} 7. d4 {[%clk 00:52:03]} {[%emt 00:02:45]} O-O {[%clk
00:47:37]} {[%emt 00:01:59]} 8. Bg5 {[%clk 00:49:07]} {[%emt 00:03:00]} Nc6
{[%clk 00:45:14]} {[%emt 00:02:28]} 9. Rd1 {[%clk 00:44:39]} {[%emt 00:04:32]}
cxd4 {[%clk 00:42:06]} {[%emt 00:03:14]} 10. cxd4 {[%clk 00:43:53]} {[%emt
00:00:50]} Rc8 {[%clk 00:41:48]} {[%emt 00:00:23]} 11. Nc3 {[%clk 00:41:41]}
{[%emt 00:02:16]} h6 {[%clk 00:39:24]} {[%emt 00:02:31]} 12. Bh4 {[%clk
00:40:33]} {[%emt 00:01:06]} a6 {[%clk 00:31:05]} {[%emt 00:08:30]} 13. e5
{[%clk 00:38:03]} {[%emt 00:02:35]} dxe5 {[%clk 00:28:39]} {[%emt 00:02:31]}
14. dxe5 {[%clk 00:37:57]} {[%emt 00:00:12]} Ng4 {[%clk 00:28:30]} {[%emt
00:00:14]} 15. e6 {[%clk 00:37:39]} {[%emt 00:00:23]} fxe6 {[%clk 00:28:22]}
{[%emt 00:00:13]} 16. Qxg6 {[%clk 00:37:32]} {[%emt 00:00:12]} Nge5 {[%clk
00:26:05]} {[%emt 00:01:26]} 17. Qg3 {[%clk 00:35:46]} {[%emt 00:02:44]} Nxf3+
{[%clk 00:23:54]} {[%emt 00:02:19]} 18. Bxf3 {[%clk 00:34:27]} {[%emt
00:01:23]} Ne5 {[%clk 00:22:47]} {[%emt 00:01:12]} 19. Bh5 {[%clk 00:25:55]}
{[%emt 00:08:36]} Kh8 {[%clk 00:15:46]} {[%emt 00:07:08]} 20. Re1 {[%clk
00:09:33]} {[%emt 00:16:26]} Nc4 {[%clk 00:10:11]} {[%emt 00:05:41]} 21. b3
{[%clk 00:06:36]} {[%emt 00:03:02]} Nd6 {[%clk 00:07:36]} {[%emt 00:02:39]} 22.
Rac1 {[%clk 00:05:40]} {[%emt 00:01:01]} Nf5 {[%clk 00:06:07]} {[%emt
00:01:33]} 23. Qd3 {[%clk 00:03:29]} {[%emt 00:02:17]} Nxh4 {[%clk 00:05:25]}
{[%emt 00:00:47]} 24. Red1 {[%clk 00:02:07]} {[%emt 00:01:27]} Bc6 {[%clk
00:04:01]} {[%emt 00:01:29]} 25. Qg3 {[%clk 00:01:37]} {[%emt 00:00:33]} Nf5
{[%clk 00:03:48]} {[%emt 00:00:19]} 26. Rxd8 {[%clk 00:01:30]} {[%emt
00:00:12]} Nxg3 {[%clk 00:03:47]} {[%emt 00:00:07]} 27. Rxf8+ {[%clk 00:01:32]}
{[%emt 00:00:02]} Rxf8 {[%clk 00:03:41]} {[%emt 00:00:11]} 28. hxg3 {[%clk
00:01:34]} {[%emt 00:00:05]} Bd4 {[%clk 00:03:23]} {[%emt 00:00:22]} 29. Nd1
{[%clk 00:01:09]} {[%emt 00:00:29]} Rf5 {[%clk 00:02:52]} {[%emt 00:00:37]} 30.
Bg4 {[%clk 00:01:12]} {[%emt 00:00:02]} Re5 {[%clk 00:02:56]} {[%emt 00:00:01]}
31. Ne3 {[%clk 00:00:33]} {[%emt 00:00:44]} Bxe3 {[%clk 00:02:44]} {[%emt
00:00:17]} 32. fxe3 {[%clk 00:00:37]} {[%emt 00:00:02]} Rxe3 {[%clk 00:02:48]}
33. Rf1 {[%clk 00:00:27]} {[%emt 00:00:15]} Kg7 {[%clk 00:02:42]} {[%emt
00:00:11]} 34. Bh5 {[%clk 00:00:29]} {[%emt 00:00:03]} Rxg3 {[%clk 00:02:25]}
{[%emt 00:00:22]} 35. Rf7+ {[%clk 00:00:17]} {[%emt 00:00:17]} Kh8 {[%clk
00:02:24]} {[%emt 00:00:06]} 36. Rf8+ {[%clk 00:00:17]} {[%emt 00:00:05]} Kh7
{[%clk 00:02:16]} {[%emt 00:00:13]} 37. Rf7+ {[%clk 00:00:14]} {[%emt
00:00:08]} Rg7 {[%clk 00:02:19]} {[%emt 00:00:03]} 38. Rxg7+ {[%clk 00:00:11]}
{[%emt 00:00:08]} Kxg7 {[%clk 00:02:22]} 39. Bg4 {[%clk 00:00:13]} {[%emt
00:00:04]} Kf6 {[%clk 00:02:25]} {[%emt 00:00:03]} 40. Kf2 {[%clk 00:00:18]}
{[%emt 00:00:01]} Bd5 {[%clk 00:02:25]} {[%emt 00:00:05]} 41. g3 {[%clk
00:00:19]} {[%emt 00:00:04]} Ke5 {[%clk 00:02:21]} {[%emt 00:00:08]} 42. Ke3
{[%clk 00:00:22]} {[%emt 00:00:02]} Bc6 {[%clk 00:02:12]} {[%emt 00:00:14]} 43.
Bh5 {[%clk 00:00:20]} {[%emt 00:00:06]} Be4 {[%clk 00:01:48]} {[%emt 00:00:29]}
44. Bf7 {[%clk 00:00:12]} {[%emt 00:00:11]} Bb1 {[%clk 00:01:48]} {[%emt
00:00:07]} 45. a3 {[%clk 00:00:13]} {[%emt 00:00:05]} Ba2 {[%clk 00:01:49]}
{[%emt 00:00:03]} 46. b4 {[%clk 00:00:17]} Bd5 {[%clk 00:01:50]} {[%emt
00:00:04]} 47. Bh5 {[%emt 00:00:07]} Kf5 {[%clk 00:01:41]} {[%emt 00:00:13]}
48. Kd4 {[%clk 00:00:08]} {[%emt 00:00:14]} Kg5 {[%clk 00:01:40]} {[%emt
00:00:06]} 49. g4 {[%clk 00:00:11]} {[%emt 00:00:01]} Bf3 {[%emt 00:00:08]} 50.
Ke5 {[%clk 00:00:15]} Bxg4 {[%clk 00:01:41]} {[%emt 00:00:03]} 51. Bxg4 {[%clk
00:00:18]} {[%emt 00:00:02]} Kxg4 {[%clk 00:01:45]} {[%emt 00:00:01]} 52. Kxe6
{[%clk 00:00:21]} {[%emt 00:00:01]} h5 {[%clk 00:01:49]} 53. Kd7 {[%clk
00:00:24]} {[%emt 00:00:02]} h4 {[%clk 00:01:54]} 54. Kc7 {[%clk 00:00:28]} h3
{[%clk 00:01:58]} 55. Kxb7 {[%clk 00:00:31]} {[%emt 00:00:03]} h2 {[%clk
00:02:02]} {[%emt 00:00:01]} 56. b5 {[%clk 00:00:33]} {[%emt 00:00:02]} axb5
{[%clk 00:02:05]} {[%emt 00:00:03]} 57. Kb6 {[%clk 00:00:37]} {[%emt 00:00:01]}
h1=Q {[%clk 00:02:07]} {[%emt 00:00:03]} 58. Kxb5 {[%clk 00:00:40]} {[%emt
00:00:01]} Qa8 {[%clk 00:02:11]} {[%emt 00:00:02]} 59. a4 {[%clk 00:00:44]}
{[%emt 00:00:02]} e5 {[%clk 00:02:14]} {[%emt 00:00:01]} 60. a5 {[%clk
00:00:48]} e4 {[%clk 00:02:18]} {[%emt 00:00:01]} 61. a6 {[%clk 00:00:52]} e3
{[%clk 00:02:23]} 62. Kb6 {[%clk 00:00:56]} {[%emt 00:00:01]} e2 {[%clk
00:02:27]} {[%emt 00:00:02]} 63. a7 {[%clk 00:01:00]} {[%emt 00:00:01]} e1=R
{[%clk 00:02:28]} {[%emt 00:00:03]} 64. Ka6 {[%clk 00:01:02]} {[%emt 00:00:03]}
Re6+ {[%clk 00:02:32]} {[%emt 00:00:02]} 65. Kb5 {[%clk 00:01:05]} {[%emt
00:00:01]} Qxa7 {[%clk 00:02:35]} {[%emt 00:00:02]} 66. Kc4 {[%clk 00:01:09]}
{[%emt 00:00:01]} Re5 {[%clk 00:02:37]} {[%emt 00:00:03]} 67. Kd3 {[%clk
00:01:12]} {[%emt 00:00:02]} Qa4 {[%clk 00:02:39]} {[%emt 00:00:02]} 68. Kd2
{[%clk 00:01:14]} {[%emt 00:00:02]} Kf3 {[%clk 00:02:43]} {[%emt 00:00:02]} 69.
Kc1 {[%clk 00:01:15]} {[%emt 00:00:01]} Re2 {[%clk 00:02:45]} {[%emt 00:00:05]}
70. Kb1 {[%clk 00:01:15]} {[%emt 00:00:05]} Qd1# {[%emt 00:00:01]} 0-1